000 00621cam a22002173a 4500
001 35834
003 PGUSA
005 20140828083754.0
008 110412s2011||||xxu|||||s|||||000 | eng d
040 _aPGUSA
_beng
042 _adc
100 1 _aBindloss, Harold,
_d1866-1945
245 1 4 _aThe Dust of Conflict
_h[electronic resource] /
_cHarold Bindloss
260 _bProject Gutenberg,
_c2011
506 _aPublic domain in the USA.
516 _aElectronic text
700 1 _aDunton, W. Herbert,
_d1878-1936
830 0 _aProject Gutenberg
_v35834
856 4 0 _uhttp://www.gutenberg.org/ebooks/35834
942 _cEB
999 _c265089
_d265089